书目信息 |
| 题名: |
思维的逻辑
|
|
| 作者: | 泽田允茂 著 ;郑春瑞 译 | |
| 分册: | ||
| 出版信息: | 北京 春秋出版社 1989.10 |
|
| 页数: | 142页 | |
| 开本: | 19cm | |
| 丛书名: | 智能开发译丛 | |
| 单 册: | ||
| 中图分类: | B812-49 , G4-51 | |
| 科图分类: | 16.2059 | |
| 主题词: | 形式逻辑--通俗读物 , 教育 | |
| 电子资源: | ||
| ISBN: | 7-5069-0149-8 | |
| 000 | 00979nam2 2200301 45 | |
| 001 | 0190017704 | |
| 005 | 20061101101401.01 | |
| 010 | @a7-5069-0149-8@dCNY2.50 | |
| 100 | @a19921223d1989 em y0chiy0121 ea | |
| 101 | 1 | @achi@cjpn |
| 102 | @aCN@b110000 | |
| 105 | @ay z 000yy | |
| 200 | 10 | @a思维的逻辑@ASI WEI DE LUO JI@f(日)泽田允茂著@F( RI ) ZE TIAN YUN MAO ZHU@g郑春瑞译 |
| 210 | @a北京@c春秋出版社@d1989.10 | |
| 215 | @a142页@d19cm | |
| 225 | 2 | @a智能开发译丛@f廖一帆主编 |
| 330 | @a本书针对不少青少年不喜欢数学和逻辑学的心理,吸收逻辑学研究的新成果,重点从思考方法及语言使用方法上来谈逻辑问题,使读者乐于接受。 | |
| 410 | 0 | @120010@a智能开发译丛 |
| 540 | 1 | @a思维 逻辑@ASI WEI LUO JI |
| 606 | @a形式逻辑@x通俗读物 | |
| 606 | 0 | @a教育 |
| 690 | @aB812-49@v三版 | |
| 690 | @aG4-51@v3 | |
| 692 | @a16.2059 | |
| 701 | 0 | @a泽田允茂@AZE TIAN YUN MAO@4著 |
| 702 | 0 | @a郑春瑞@AZHENG CHUN RUI@4译 |
| 801 | 0 | @aCN@bTSSF@c20061101 |
| 905 | @a10447@dG4-51@e25:14 | |
| 思维的逻辑/(日)泽田允茂著/郑春瑞译.-北京:春秋出版社,1989.10 |
| 142页;19cm.-(智能开发译丛/廖一帆主编) |
| ISBN 7-5069-0149-8:CNY2.50 |
| 本书针对不少青少年不喜欢数学和逻辑学的心理,吸收逻辑学研究的新成果,重点从思考方法及语言使用方法上来谈逻辑问题,使读者乐于接受。 |
| ● |
| 相关链接 |
|
|
|
|
正题名:思维的逻辑
索取号:G4-51/25:14
 
预约/预借
| 序号 | 登录号 | 条形码 | 馆藏地/架位号 | 状态 | 备注 |
| 1 | 0227629 | 002055787 | 第一样本阅览室/ [索取号:G4-51/25:14] | 在馆 |